[Event "Ä15Ï"]
[Site "Loo"]
[Date "2017.04.24"]
[Round "5.5"]
[White "Ñåëåçíåâà, Åêàòåðèíà."]
[Black "Òëåöåðè, Äæóëüåòòà."]
[Result "1-0"]
[WhiteElo "1845"]
[BlackElo "1575"]
[PlyCount "95"]
[EventDate "2017.04.20"]

1. e4 c5 2. Nf3 a6 3. c3 e6 4. d4 d5 5. Bd3 Nf6 6. e5 Nfd7 7. O-O Nc6 8. Bc2 b5
9. Bf4 Be7 10. Re1 O-O 11. Qd3 f5 12. exf6 Nxf6 13. Ng5 c4 14. Qh3 e5 15. Bxh7+
Kh8 16. Bf5+ Kg8 17. Ne6 Qb6 18. Nxf8 Bxf5 19. Qxf5 Rxf8 20. Bxe5 Nxe5 21. Qxe5
Bd6 22. Qe6+ Rf7 23. Qh3 Ne4 24. f3 Ng5 25. Re8+ Bf8 26. Qg4 Nh7 27. Nd2 Nf6
28. Re6 Qc7 29. Qg3 Qc8 30. Rae1 Qb7 31. a3 a5 32. Qf2 b4 33. axb4 axb4 34. Qe3
bxc3 35. bxc3 Qb2 36. Rb1 Qc2 37. Rb8 Ra7 38. Reb6 Rc7 39. Re6 Ra7 40. Reb6 Ra2
41. Qe6+ Kh7 42. Qh3+ Kg8 43. Qe6+ Kh7 44. Rxf8 Qxd2 45. Qf5+ g6 46. Rb7+ Kh6
47. Rh8+ Nh7 48. Rhxh7# 1-0

[Event "Ä15Ï"]
[Site "Loo"]
[Date "2017.04.24"]
[Round "5.6"]
[White "ßêóøèíà, Åêàòåðèíà."]
[Black "Ñòðóêîâà, Êñåíèÿ."]
[Result "1-0"]
[WhiteElo "1744"]
[BlackElo "1762"]
[PlyCount "145"]
[EventDate "2017.04.20"]

1. d4 d5 2. Nf3 Nf6 3. c4 e6 4. g3 Bb4+ 5. Bd2 Be7 6. Bg2 O-O 7. O-O c6 8. Qc2
b6 9. Bf4 Ba6 10. Nbd2 Nbd7 11. b3 Rc8 12. e4 c5 13. exd5 exd5 14. dxc5 Rxc5
15. Rfd1 dxc4 16. bxc4 Nd5 17. Ng5 Bxg5 18. Bd6 Bf6 19. Bxc5 Nxc5 20. cxd5 Bxa1
21. Rxa1 Qf6 22. Rd1 Bd3 23. Qc1 Be2 24. Re1 Nd3 25. Ne4 Qe7 26. d6 Qd7 27. Qg5
f5 28. Rxe2 fxe4 29. Qd5+ Qf7 30. Qxf7+ Kxf7 31. Bxe4 Nc5 32. Bd5+ Kf6 33. Re7
Rd8 34. Rxa7 Rxd6 35. Bc4 Rd4 36. Be2 Ne4 37. Ra6 Rd6 38. a4 Re6 39. Bc4 Rd6
40. Kg2 Ke5 41. Ra7 Rf6 42. f4+ Kd4 43. Bb5 Nc3 44. Rxg7 h6 45. Bd7 Nd5 46. Bb5
Nc3 47. Rd7+ Kc5 48. Rc7+ Kb4 49. Rc4+ Kb3 50. Rc6 Rxc6 51. Bxc6 Ne2 52. f5 Nd4
53. f6 Kc4 54. f7 Ne6 55. Be8 Kd4 56. Kf3 Ke5 57. Ke3 Kf6 58. Ke4 Ke7 59. Kf5
Nf8 60. g4 Nh7 61. Kg6 Nf6 62. h3 Kf8 63. Kxf6 b5 64. axb5 h5 65. Kf5 h4 66. b6
Kg7 67. b7 Kh7 68. b8=Q Kg7 69. Qe5+ Kh7 70. f8=N+ Kg8 71. Kg6 Kxf8 72. Kh6 Kg8
73. Qg7# 1-0

[Event "Ä15Ï"]
[Site "Loo"]
[Date "2017.04.24"]
[Round "5.7"]
[White "Êîçûðåâà, Ìàðèíà."]
[Black "Ëîñü, ßíà."]
[Result "0-1"]
[WhiteElo "1598"]
[BlackElo "1609"]
[PlyCount "122"]
[EventDate "2017.04.20"]

1. d4 Nf6 2. c4 c5 3. d5 e6 4. Nc3 exd5 5. cxd5 d6 6. Nf3 g6 7. Nd2 a6 8. a4
Bg7 9. e4 Nbd7 10. Be2 O-O 11. O-O Rb8 12. f4 Ne8 13. Qc2 Nc7 14. Nc4 Nf6 15.
a5 Bg4 16. h3 Bxe2 17. Qxe2 Re8 18. Qf3 Re7 19. e5 Nfe8 20. Be3 Nb5 21. Nxb5
axb5 22. Nxd6 Nxd6 23. Bxc5 Rd7 24. Bxd6 Rxd6 25. exd6 Bxb2 26. Rab1 Bd4+ 27.
Kh2 Qxa5 28. Qb3 b4 29. Qxb4 Qxb4 30. Rxb4 Bc5 31. Rb5 b6 32. g3 Rd8 33. Rd1
Rxd6 34. Kg2 Kf8 35. Kf3 Rd8 36. d6 Ke8 37. Ke4 Ra8 38. Rd3 Ra2 39. d7+ Kd8 40.
Ke5 f5 41. Kf6 Re2 42. Rb1 Re4 43. Kg7 Re7+ 44. Kh6 Rf7 45. Re1 Bf8+ 46. Kg5
Be7+ 47. Rxe7 Rxe7 48. Rb3 Re6 49. Rd3 h5 50. Kh6 b5 51. Kg5 b4 52. g4 hxg4 53.
hxg4 fxg4 54. Kxg4 Rb6 55. Rb3 Kxd7 56. f5 gxf5+ 57. Kxf5 Kc6 58. Ke4 Kb5 59.
Kd3 Ka4 60. Rb1 Ka3 61. Kc4 b3 0-1

[Event "Ä15Ï"]
[Site "Loo"]
[Date "2017.04.24"]
[Round "5.8"]
[White "Ìàêàðîâà, Àíàñòàñèÿ."]
[Black "Òóêàåâà, Àèäà."]
[Result "0-1"]
[WhiteElo "1562"]
[BlackElo "1852"]
[PlyCount "94"]
[EventDate "2017.04.20"]

1. d4 Nf6 2. e3 d5 3. f4 Bf5 4. Bd3 Bxd3 5. cxd3 e6 6. Nf3 c5 7. Nbd2 Nc6 8.
dxc5 Bxc5 9. d4 Be7 10. O-O O-O 11. Ne5 Qc7 12. a3 Rfc8 13. Rf3 Bf8 14. Rh3 Ne7
15. g4 Qc2 16. Qf3 g6 17. g5 Ne8 18. Qg4 Nf5 19. Qe2 Bg7 20. Rf3 Rc7 21. Rf1
Ned6 22. Qf2 Rac8 23. Nef3 Qd3 24. Re1 Rc2 25. Qf1 Qxf1+ 26. Nxf1 Ne4 27. Rb1
Rf2 28. N3d2 Rc2 29. Nxe4 dxe4 30. Nd2 Rfxd2 31. Bxd2 Rxd2 32. a4 Nxe3 33. Rxe3
Bxd4 34. Rbe1 Rd3 35. Kf2 Kg7 36. h4 f5 37. R1e2 Rxe3 38. Rxe3 Bxe3+ 39. Kxe3
Kf7 40. b4 a6 41. Kd4 Ke7 42. Ke3 b5 43. a5 Kd6 44. Kd4 Kc6 45. Kc3 Kd5 46. Kb3
Kd4 47. Kc2 Kc4 0-1

[Event "Ä15Ï"]
[Site "Loo"]
[Date "2017.04.24"]
[Round "5.9"]
[White "Øóìàêîâà, Ñâåòëàíà."]
[Black "Íàñûáóëëèíà, Äàÿíà."]
[Result "0-1"]
[WhiteElo "1494"]
[BlackElo "1786"]
[PlyCount "112"]
[EventDate "2017.04.20"]

1. d4 Nf6 2. Nf3 e6 3. e3 d5 4. b3 Be7 5. Bd3 O-O 6. O-O b6 7. Bb2 Bb7 8. Nbd2
c5 9. Ne5 Nc6 10. a3 Nxe5 11. dxe5 Ne4 12. Bxe4 dxe4 13. c4 Qd3 14. Re1 Rad8
15. Nf1 Rd7 16. Rc1 Rfd8 17. Qc2 Qxc2 18. Rxc2 Rd3 19. Bc3 Kf8 20. Ree2 f6 21.
Nd2 f5 22. Nf1 Bc6 23. Nd2 b5 24. Kf1 bxc4 25. bxc4 Ba4 26. Rc1 Bd1 27. Re1
Rxc3 28. Rxc3 Rxd2 29. Rc1 Bc2 30. g3 Bd3+ 31. Kg2 Ke8 32. Rc3 Bd8 33. Rec1 Kd7
34. Rb3 Bb6 35. a4 Ra2 36. h3 Rxa4 37. g4 fxg4 38. hxg4 Bxc4 39. Rb2 Bd5 40.
Rh1 h6 41. Rh5 c4 42. g5 hxg5 43. Rxg5 Kc6 44. Rxg7 Bc7 45. Rg5 c3 46. Rc2 Ba5
47. Rh5 Bb3 48. Rc1 c2 49. Rhh1 Bd2 50. Rcg1 Bc4 51. Kg3 Be2 52. Kf4 Bf3 53.
Kg5 Bxh1 54. Rxh1 c1=Q 55. Rxc1+ Bxc1 56. Kf6 Kd7 0-1

[Event "Ä15Ï"]
[Site "Loo"]
[Date "2017.04.24"]
[Round "5.10"]
[White "Êîðîáèöûíà, Îëåñÿ."]
[Black "Àíäðååâà, Àíàñòàñèÿ."]
[Result "1-0"]
[WhiteElo "1769"]
[BlackElo "1565"]
[PlyCount "137"]
[EventDate "2017.04.20"]

1. d4 d5 2. Nf3 Nf6 3. c4 c6 4. b3 Bf5 5. Nc3 e6 6. g3 Bb4 7. Bd2 Ne4 8. Nxe4
dxe4 9. Bxb4 exf3 10. exf3 Nd7 11. Bg2 Nf6 12. O-O a5 13. Ba3 b5 14. Bc5 Nd7
15. f4 Rc8 16. Bd6 Nf6 17. Be5 O-O 18. Re1 Ne8 19. g4 Bg6 20. d5 cxd5 21. cxd5
f6 22. dxe6 Qxd1 23. Raxd1 fxe5 24. f5 Bxf5 25. gxf5 Rxf5 26. Rd5 Rc2 27. Be4
Rg5+ 28. Kf1 Rc7 29. Rd7 Rh5 30. Bd5 g6 31. Rf7 Rc5 32. Rd7 Rf5 33. e7+ Kg7 34.
Rd8 Nf6 35. Be6 Rf4 36. e8=Q Nxe8 37. Rxe8 Rc2 38. Rg8+ Kh6 39. Re2 Rc1+ 40.
Kg2 e4 41. Rc8 Rd1 42. Rc5 Rd6 43. Bd5 Rf5 44. Rd2 Rg5+ 45. Kf1 Rh5 46. Ke2
Rxh2 47. Rc6 Rd7 48. Rf6 Kg5 49. Rf7 Rd6 50. Bxe4 Re6 51. Ke3 Rh3+ 52. Rf3 Rh4
53. Rd5+ Kh6 54. Rf4 Rh3+ 55. Kd4 Re7 56. Rxb5 Ra7 57. Rb7 Ra6 58. Rff7 Kg5 59.
Rxh7 Rxh7 60. Rxh7 a4 61. b4 Rd6+ 62. Ke5 Rb6 63. f4+ Kg4 64. Rb7 Ra6 65. b5
Ra8 66. Bxg6 a3 67. Rg7 Ra5 68. Bd3+ Kf3 69. f5 1-0

[Event "Ä15Ï"]
[Site "Loo"]
[Date "2017.04.24"]
[Round "5.11"]
[White "Ëàðèíà, Òàòüÿíà."]
[Black "Ìîñêàëåâà, Àðèíà."]
[Result "1-0"]
[WhiteElo "1738"]
[BlackElo "1504"]
[PlyCount "65"]
[EventDate "2017.04.20"]

1. e4 c5 2. Nf3 d6 3. d4 cxd4 4. Qxd4 Nc6 5. Bb5 Bd7 6. Bxc6 Bxc6 7. Nc3 Nf6 8.
Bg5 e6 9. O-O-O Be7 10. Qd3 Rc8 11. Nd4 Qa5 12. f4 a6 13. f5 Nxe4 14. Nxe4 Bxe4
15. Qxe4 Bxg5+ 16. Kb1 e5 17. Nf3 Be7 18. Qxb7 Qc5 19. c3 Rc7 20. Qa8+ Rc8 21.
Qb7 Rc7 22. Qa8+ Bd8 23. Rd5 Qb6 24. Rhd1 Rc6 25. Nxe5 O-O 26. Qxc6 Qxc6 27.
Nxc6 Bc7 28. R5d2 h6 29. Nb4 a5 30. Nd5 Bb8 31. Ne3 Re8 32. Nc4 d5 33. Rxd5 1-0

[Event "Ä15Ï"]
[Site "Loo"]
[Date "2017.04.24"]
[Round "5.12"]
[White "Ñóðêîâà, Åêàòåðèíà."]
[Black "Ñëåñàðåâà, Ìèðàñëàâà."]
[Result "0-1"]
[WhiteElo "1428"]
[BlackElo "1725"]
[PlyCount "114"]
[EventDate "2017.04.20"]

1. e4 e5 2. Nf3 Nc6 3. Nc3 Nf6 4. d4 exd4 5. Nxd4 Bb4 6. Nxc6 bxc6 7. Bd3 O-O
8. O-O d5 9. exd5 cxd5 10. Bg5 c6 11. Qf3 Be7 12. h3 h6 13. Bf4 Bd6 14. Bxd6
Qxd6 15. Rad1 Rb8 16. b3 Be6 17. Ne2 Nd7 18. Qe3 Nc5 19. c4 Nxd3 20. Qxd3 Rbd8
21. Nc3 Qc5 22. cxd5 cxd5 23. Qd4 Qxd4 24. Rxd4 Rd7 25. Rfd1 Rfd8 26. f3 Kf8
27. Kf2 Rc8 28. R4d3 Rc5 29. g4 Ke7 30. Kg3 g6 31. Kf4 g5+ 32. Kg3 a5 33. Na4
Rc6 34. Rd4 Rdc7 35. Re1 Kd6 36. Re2 Rc2 37. Red2 Rxd2 38. Rxd2 f5 39. Nb2 f4+
40. Kg2 Ke5 41. Nd3+ Kf6 42. h4 Bg8 43. h5 Bh7 44. Kf1 Bxd3+ 45. Rxd3 Ke5 46.
Ke2 d4 47. a3 Kd5 48. Kd2 Re7 49. Kd1 a4 50. bxa4 Re3 51. Rxe3 fxe3 52. Ke2 Kc4
53. a5 d3+ 54. Kxe3 Kc3 55. a6 d2 56. a7 d1=Q 57. a8=Q Qe1# 0-1

[Event "Ä15Ï"]
[Site "Loo"]
[Date "2017.04.24"]
[Round "5.13"]
[White "Ãèáàäóëëèíà, Ðàÿíà."]
[Black "Ëûñåíêî, Îëåñÿ."]
[Result "0-1"]
[WhiteElo "1706"]
[BlackElo "1500"]
[PlyCount "52"]
[EventDate "2017.04.20"]

1. e4 e5 2. Nf3 Nc6 3. Bc4 Bc5 4. c3 Nf6 5. d3 d6 6. Nbd2 Ng4 7. O-O Bb6 8. h3
h5 9. Nb3 Nh6 10. Ng5 g6 11. Nf3 Bd7 12. Bxh6 Rxh6 13. Qd2 Rh7 14. Ng5 Rg7 15.
Nxf7 Rxf7 16. Bxf7+ Kxf7 17. Kh2 Kg7 18. f4 Qf6 19. Kh1 Rf8 20. fxe5 Qxf1+ 21.
Rxf1 Rxf1+ 22. Kh2 Bg1+ 23. Kg3 Nxe5 24. Qe2 Rf2 25. Qd1 h4+ 26. Kxh4 Rxg2 0-1

[Event "Ä15Ï"]
[Site "Loo"]
[Date "2017.04.24"]
[Round "5.14"]
[White "Ôàéðóçîâà, Çóëüôèÿ."]
[Black "Ïè÷íåíêî, Íèíà."]
[Result "0-1"]
[WhiteElo "1677"]
[BlackElo "1507"]
[PlyCount "142"]
[EventDate "2017.04.20"]

1. d4 Nf6 2. c4 g6 3. Nc3 Bg7 4. e4 d6 5. Nf3 O-O 6. Be3 Nbd7 7. Qc2 e5 8. d5
h6 9. h4 Ng4 10. Bd3 Nxe3 11. fxe3 Nc5 12. O-O-O a5 13. h5 g5 14. Ne2 f5 15.
Nc3 Qe7 16. exf5 e4 17. f6 Bxf6 18. Nxe4 Nxd3+ 19. Qxd3 Bf5 20. Nxf6+ Rxf6 21.
Qd4 Be4 22. Ne1 Rf2 23. Rg1 Raf8 24. g4 Re2 25. Rd2 Rff2 26. Rxe2 Rxe2 27. a3
Bh7 28. Ng2 Rc2+ 29. Kd1 Qe4 30. Qxe4 Bxe4 31. Ne1 Rxb2 32. Rf1 Kg7 33. Kc1 Ra2
34. Kd1 a4 35. Kc1 Re2 36. Nf3 Ra2 37. Ne1 Rxa3 38. Kd2 Ra1 39. Kc3 Rb1 40. Kd4
Bh7 41. Rf2 Rxe1 42. Ra2 Rd1+ 43. Kc3 Rd3+ 44. Kb4 Rxe3 45. Rxa4 Bc2 46. Ra2
Rb3+ 47. Ka5 Bd3 48. Ra1 Bxc4 49. Rc1 b6+ 50. Ka4 b5+ 51. Ka5 Ra3+ 52. Kb4 Ra4+
53. Kc3 Bxd5 54. Kb2 c5 55. Rd1 Rd4 56. Re1 Be4 57. Ra1 c4 58. Ra7+ Kf6 59. Rc7
b4 60. Rc8 c3+ 61. Kb3 Bd5+ 62. Kc2 Rc4 63. Rf8+ Ke5 64. Re8+ Kd4 65. Re1 Be4+
66. Kc1 b3 67. Rd1+ Bd3 68. Rxd3+ Kxd3 69. Kd1 c2+ 70. Kc1 b2+ 71. Kxb2 c1=Q+
0-1

[Event "Ä15Ï"]
[Site "Loo"]
[Date "2017.04.24"]
[Round "5.15"]
[White "Ãóðîâà, Íàòàëèÿ."]
[Black "Êèñåëåâà, Åëèçàâåòà."]
[Result "0-1"]
[WhiteElo "1644"]
[BlackElo "1499"]
[PlyCount "72"]
[EventDate "2017.04.20"]

1. d4 d5 2. Nf3 Nf6 3. e3 e6 4. Bd3 c5 5. b3 Nc6 6. Bb2 Be7 7. O-O O-O 8. Nbd2
b6 9. a3 Bb7 10. Ne5 Rc8 11. f4 Nxe5 12. fxe5 Ne4 13. Nxe4 dxe4 14. Bc4 cxd4
15. exd4 Bg5 16. Qe2 Qe7 17. c3 Rfd8 18. Rad1 Qc7 19. Ba6 Bxa6 20. Qxa6 e3 21.
Qd3 a5 22. a4 Qb7 23. c4 Rc5 24. Qe2 Rcc8 25. Qg4 Bh6 26. Rfe1 b5 27. axb5 a4
28. bxa4 Rxc4 29. Ra1 Rb4 30. Bc1 Rbxd4 31. Qe2 Re4 32. Ra3 Rd2 33. Qf3 Rf2 34.
Qd1 Rxg2+ 35. Kh1 Rd2 36. Qf3 Rf2 0-1

[Event "Ä15Ï"]
[Site "Loo"]
[Date "2017.04.24"]
[Round "5.16"]
[White "Ëûñîêîíü, Ïîëèíà."]
[Black "Èâàíîâà, Ìàðèÿ."]
[Result "1-0"]
[WhiteElo "1610"]
[BlackElo "1328"]
[PlyCount "87"]
[EventDate "2017.04.20"]

1. e4 c5 2. Nc3 e6 3. g3 Nc6 4. Bg2 g6 5. d3 Bg7 6. Be3 d6 7. Qd2 Qb6 8. Nd1
Qb4 9. c3 Qa5 10. Ne2 Ne5 11. h3 Qa6 12. Nc1 Nf6 13. O-O O-O 14. g4 Bd7 15. f4
Nc6 16. Ne2 Qa5 17. Ng3 Qd8 18. f5 Ne5 19. Bg5 Rb8 20. Nf2 Qc7 21. Bh6 Qd8 22.
Bxg7 Kxg7 23. g5 Ne8 24. f6+ Kg8 25. h4 Bc6 26. b3 Bb5 27. Rfd1 Bd7 28. d4 cxd4
29. cxd4 Nc6 30. h5 e5 31. d5 Nd4 32. hxg6 hxg6 33. Ne2 Nxe2+ 34. Qxe2 Kh7 35.
Qe3 b6 36. Bh3 Rh8 37. Kg2 Kg8 38. Rh1 Rc8 39. Bxd7 Qxd7 40. Rxh8+ Kxh8 41.
Rh1+ Kg8 42. Qg3 Rc2 43. Qh4 Rxf2+ 44. Kxf2 1-0

[Event "Ä15Ï"]
[Site "Loo"]
[Date "2017.04.24"]
[Round "5.17"]
[White "Ñàìîøêèíà, Âèêòîðèÿ."]
[Black "Êðåíäÿñåâà, Âàëåðèÿ."]
[Result "0-1"]
[WhiteElo "1482"]
[BlackElo "1670"]
[PlyCount "76"]
[EventDate "2017.04.20"]

1. e4 e5 2. Nf3 Nc6 3. d4 exd4 4. Nxd4 Nf6 5. Nc3 d6 6. h3 Be7 7. Bf4 Be6 8.
Bb5 Qd7 9. Qe2 O-O 10. O-O Nxd4 11. Qd3 Nxb5 12. Nxb5 a6 13. Nd4 b5 14. b3 c5
15. Ne2 Qc6 16. Ng3 Rad8 17. Bg5 h6 18. Bc1 d5 19. e5 Ne4 20. Nh5 c4 21. Qe2
Bc5 22. Be3 Bxe3 23. Qxe3 Bf5 24. f3 Qc5 25. Qxc5 Nxc5 26. b4 Na4 27. Rac1 Nc3
28. Rf2 d4 29. g4 Bg6 30. a3 Bxh5 31. gxh5 Rd5 32. f4 Ne4 33. Rf3 d3 34. cxd3
Rxd3 35. Kg2 Rfd8 36. Rg1 c3 37. Rff1 Rg3+ 38. Kh1 Rxh3+ 0-1

[Event "Ä15Ï"]
[Site "Loo"]
[Date "2017.04.24"]
[Round "5.18"]
[White "Åìåëüÿíåíêî, Ìàðèíà."]
[Black "Ïàêååâà, Íàìëàíà."]
[Result "0-1"]
[WhiteElo "1480"]
[BlackElo "1630"]
[PlyCount "64"]
[EventDate "2017.04.20"]

1. e4 c5 2. Nf3 Nc6 3. d4 cxd4 4. Nxd4 e5 5. Nb5 d6 6. N5c3 Be7 7. Nd5 Nf6 8.
Nbc3 O-O 9. Bc4 Be6 10. a3 Na5 11. Ba2 Rc8 12. Qd3 Nc6 13. Bg5 Bxd5 14. Bxf6
Bxa2 15. Bxe7 Nxe7 16. Rxa2 f5 17. O-O f4 18. f3 Rf6 19. g3 Rg6 20. Kg2 Nc6 21.
Ne2 Nd4 22. Nxd4 exd4 23. b4 Qh4 24. Qb3+ Kh8 25. g4 h5 26. Qf7 Kh7 27. Qxf4
hxg4 28. Kh1 Qh3 29. fxg4 Rf6 30. Rf3 Qxf3+ 31. Qxf3 Rxf3 32. Ra1 Rxc2 0-1

[Event "Ä15Ï"]
[Site "Loo"]
[Date "2017.04.24"]
[Round "5.19"]
[White "Õàðèòîíîâà, Èðèíà."]
[Black "Òèíèíà, Êðèñòèíà."]
[Result "1-0"]
[WhiteElo "1476"]
[BlackElo "1611"]
[PlyCount "133"]
[EventDate "2017.04.20"]

1. e4 c5 2. Nf3 d6 3. d4 cxd4 4. Nxd4 Nf6 5. Nc3 Nc6 6. Be2 e5 7. Nf3 Be7 8.
O-O O-O 9. Bg5 Be6 10. Bxf6 Bxf6 11. Nd5 Bxd5 12. Qxd5 Qb6 13. Qb3 Qxb3 14.
axb3 Rfd8 15. Bc4 a6 16. Rfd1 Rac8 17. c3 Ne7 18. Rd2 Ng6 19. Rad1 Be7 20. Bd5
Rc7 21. g3 h6 22. Ne1 Bg5 23. Rd3 Ne7 24. Ng2 Ng6 25. h4 Be7 26. Ne3 Kf8 27.
Nf5 Rcd7 28. b4 Nh8 29. Bb3 h5 30. c4 g6 31. Nxe7 Kxe7 32. c5 dxc5 33. Rxd7+
Rxd7 34. Rxd7+ Kxd7 35. bxc5 Kc6 36. Bd5+ Kxc5 37. Bxb7 a5 38. Bd5 f5 39. b3
fxe4 40. Bxe4 Kd4 41. f3 Ke3 42. Kg2 Ke2 43. Bd5 Ke3 44. Kf1 Nf7 45. Bxf7 Kxf3
46. Bxg6 Kxg3 47. Bxh5 Kxh4 48. Bd1 Kg3 49. Ke2 Kf4 50. Bc2 e4 51. Kf2 Ke5 52.
Ke3 Kd5 53. Bxe4+ Kc5 54. Bc2 Kd5 55. Kd3 Kc5 56. Kc3 Kb5 57. Kd4 Kb4 58. Bd1
Kb5 59. Kd5 Kb6 60. Be2 a4 61. bxa4 Ka5 62. Bb5 Kb6 63. Kd6 Ka7 64. Kc7 Ka8 65.
Kb6 Kb8 66. Bc6 Kc8 67. a5 1-0

[Event "Ä15Ï"]
[Site "Loo"]
[Date "2017.04.24"]
[Round "5.20"]
[White "Ñàðãóçèíà, Ìàðòà."]
[Black "Êàìàåâà, Äæàìèëÿ."]
[Result "0-1"]
[WhiteElo "1462"]
[BlackElo "1563"]
[PlyCount "64"]
[EventDate "2017.04.20"]

1. b4 e5 2. Bb2 f6 3. a3 d5 4. e3 Bd6 5. Nf3 Ne7 6. d4 e4 7. Nfd2 O-O 8. c4 c6
9. Nc3 f5 10. Qb3 Be6 11. c5 Bc7 12. a4 f4 13. Ne2 fxe3 14. Qxe3 Nf5 15. Qb3
Qg5 16. f3 Qh4+ 17. Kd1 Qf2 18. Nxe4 Ne3+ 19. Kd2 Nxf1+ 20. Raxf1 Qxg2 21. N4g3
Nd7 22. b5 Rae8 23. Bc3 Bf5 24. Qd1 Bf4+ 25. Ke1 Bxg3+ 26. hxg3 Qxg3+ 27. Rf2
Bg4 28. Kf1 Bh3+ 29. Ke1 Rxf3 30. Rhh2 Rxf2 31. Rxf2 Qg1+ 32. Kd2 Qxf2 0-1

[Event "Ä15Ï"]
[Site "Loo"]
[Date "2017.04.24"]
[Round "5.21"]
[White "Ìàðêîâà, Àííà."]
[Black "Èâàíàåâà, Àëèíà."]
[Result "1/2-1/2"]
[WhiteElo "1553"]
[BlackElo "1379"]
[PlyCount "108"]
[EventDate "2017.04.20"]

1. c4 c5 2. Nc3 Nc6 3. Nf3 g6 4. g3 Bg7 5. Bg2 e5 6. e4 Nge7 7. O-O O-O 8. d3
d6 9. Be3 f5 10. exf5 Bxf5 11. Qd2 Rb8 12. Nh4 Be6 13. Bh6 Qd7 14. Bxg7 Kxg7
15. Nd5 Nxd5 16. cxd5 Bg8 17. dxc6 bxc6 18. f4 exf4 19. Rxf4 Rxf4 20. Qxf4 Rxb2
21. Rf1 Qe7 22. a4 Rb4 23. Qd2 Bd5 24. Bxd5 cxd5 25. a5 d4 26. Ng2 g5 27. h4 h6
28. hxg5 hxg5 29. Re1 Qf6 30. Qe2 Rb7 31. Rf1 Qe7 32. Qxe7+ Rxe7 33. Re1 Re5
34. Kf2 Kf6 35. Rxe5 Kxe5 36. Kf3 Kf5 37. g4+ Ke5 38. Ne1 d5 39. Nc2 a6 40. Na3
Kd6 41. Ke2 Kc6 42. Kd2 Kd6 43. Ke2 Kc6 44. Kf3 Kd6 45. Kf2 Kc6 46. Kg3 Kd6 47.
Kf3 Kc6 48. Ke2 Kd6 49. Kd2 Kc6 50. Nc2 Kd6 51. Ke2 Ke5 52. Kf3 Kd6 53. Ke2 Ke5
54. Na1 Kd6 1/2-1/2

[Event "Ä15Ï"]
[Site "Loo"]
[Date "2017.04.24"]
[Round "5.22"]
[White "Ìîèñååâà, Ïîëèíà."]
[Black "Ñêîðîáîãàòîâà, Àíàñòàñèÿ."]
[Result "1-0"]
[WhiteElo "1425"]
[BlackElo "1547"]
[PlyCount "79"]
[EventDate "2017.04.20"]

1. e4 c5 2. Nf3 d6 3. d4 cxd4 4. Nxd4 Nf6 5. f3 Nc6 6. c4 g6 7. Be3 Bg7 8. Qd2
O-O 9. Be2 Bd7 10. O-O a6 11. Na3 Rc8 12. Rab1 Ne5 13. b3 Bc6 14. Nac2 Qc7 15.
Nb4 a5 16. Nd5 Bxd5 17. Nb5 Qb8 18. cxd5 b6 19. Rfc1 Ned7 20. Nd4 Nc5 21. Nc6
Qb7 22. b4 axb4 23. Qxb4 Rc7 24. Qxb6 Qxb6 25. Rxb6 Na4 26. Ra6 Nb2 27. Rb1 Re8
28. Bd4 Nd7 29. Bxg7 Nc5 30. Bxb2 Nxa6 31. Bxa6 Ra8 32. Bc4 e6 33. Rd1 e5 34.
g3 Ra4 35. Bb3 Ra8 36. f4 f6 37. Rf1 Kg7 38. fxe5 fxe5 39. Nxe5 dxe5 40. Bxe5+
1-0

[Event "Ä15Ï"]
[Site "Loo"]
[Date "2017.04.24"]
[Round "5.23"]
[White "Êàñàòêèíà, Ìàðèÿ."]
[Black "Èâàíîâà, Àíàñòàñèÿ Ñ."]
[Result "0-1"]
[WhiteElo "1258"]
[BlackElo "1538"]
[PlyCount "140"]
[EventDate "2017.04.20"]

1. e4 c5 2. Nf3 d6 3. d4 cxd4 4. Nxd4 Nf6 5. f3 Nc6 6. c4 g6 7. Be3 Bg7 8. Qd2
O-O 9. Nc3 Bd7 10. Be2 a6 11. b3 Re8 12. O-O Ne5 13. Rfc1 Rc8 14. Rab1 Qc7 15.
b4 Qd8 16. c5 dxc5 17. bxc5 Rb8 18. Bf4 Nh5 19. Be3 Nc6 20. Nd5 Bxd4 21. Bxd4
Nxd4 22. Qxd4 Bc6 23. Qd3 Bxd5 24. Qxd5 Qxd5 25. exd5 Nf4 26. Bc4 Rec8 27. g3
Nh5 28. Bb3 Nf6 29. Re1 Kf8 30. Rbc1 Nd7 31. c6 bxc6 32. Rxc6 Rxc6 33. dxc6 Nc5
34. Bc4 Rb6 35. c7 Rc6 36. Rb1 Rxc7 37. Rb6 Nd7 38. Rb4 a5 39. Ra4 Nb6 40. Rxa5
Nxc4 41. Ra8+ Kg7 42. a3 Rd7 43. Ra4 Ne5 44. f4 Ng4 45. h3 Nf6 46. Ra8 Rd3 47.
Kg2 Ne4 48. g4 Rd2+ 49. Kf3 Nd6 50. Re8 Rd3+ 51. Kg2 e6 52. Rd8 Rd2+ 53. Kf3
Nc4 54. Rxd2 Nxd2+ 55. Ke2 Nc4 56. a4 Kf6 57. Kf3 Ke7 58. h4 Kd6 59. h5 Kc6 60.
f5 gxf5 61. gxf5 exf5 62. Kf4 Nd6 63. Kg5 Kb7 64. Kh6 f4 65. Kxh7 f3 66. h6 f2
67. Kg8 f1=Q 68. h7 Qh3 69. h8=Q Qxh8+ 70. Kxh8 f5 0-1

[Event "Ä15Ï"]
[Site "Loo"]
[Date "2017.04.24"]
[Round "5.24"]
[White "Áû÷åíêîâà, Àíãåëèíà."]
[Black "Ãàëèìîâà, Çàðèÿ."]
[Result "1/2-1/2"]
[WhiteElo "1500"]
[BlackElo "1305"]
[PlyCount "80"]
[EventDate "2017.04.20"]

1. d4 d5 2. Nf3 e6 3. Bf4 Nf6 4. e3 Be7 5. c4 c6 6. Nc3 Nbd7 7. h3 O-O 8. Be2
dxc4 9. Bxc4 b5 10. Bb3 a6 11. O-O Bb7 12. Rc1 c5 13. Ne5 c4 14. Bc2 Nb6 15.
Qe2 Nbd5 16. Nxd5 Qxd5 17. f3 Qd8 18. Bg5 h6 19. Bh4 Rc8 20. Rfd1 Nd5 21. Bxe7
Qxe7 22. Qd2 Rfd8 23. Be4 Qg5 24. Re1 Qe7 25. f4 Nf6 26. Bf3 Rd6 27. Qb4 Rcd8
28. Nc6 Bxc6 29. Bxc6 Qc7 30. Bf3 Nd5 31. Bxd5 exd5 32. Rc2 Re6 33. Rce2 Rde8
34. a3 Qe7 35. Qa5 Qd7 36. Qb4 Qe7 37. Qa5 Qd7 38. Qb4 Qe7 39. Qa5 Qd7 40. Qb4
Qe7 1/2-1/2

[Event "Ä15Ï"]
[Site "Loo"]
[Date "2017.04.24"]
[Round "5.26"]
[White "Äæàêèÿåâà, Ìàäèíà."]
[Black "Õîìÿê, Àëåêñàíäðà."]
[Result "0-1"]
[WhiteElo "1408"]
[BlackElo "1599"]
[PlyCount "60"]
[EventDate "2017.04.20"]

1. d4 Nf6 2. Bg5 e6 3. Nc3 Be7 4. Nf3 b6 5. e4 Bb7 6. Bd3 O-O 7. O-O c5 8. dxc5
bxc5 9. Qe2 h6 10. Bf4 d5 11. Bxb8 Rxb8 12. exd5 Nxd5 13. Nxd5 exd5 14. Rfd1
Bf6 15. c3 Qb6 16. Rab1 Rfe8 17. Qc2 Re7 18. Re1 Rbe8 19. Rxe7 Rxe7 20. Re1
Rxe1+ 21. Nxe1 Qe6 22. Kf1 g6 23. Qb3 Qb6 24. Qc2 Qa5 25. Qb1 Qb6 26. Qc2 Kg7
27. Be2 Qd6 28. h3 Qh2 29. Bf3 Qd6 30. Qd3 Ba6 0-1

[Event "Ä15Ï"]
[Site "Loo"]
[Date "2017.04.24"]
[Round "5.27"]
[White "Àñàòðÿí, Ìàðèÿ."]
[Black "Øàðèêîâà, Àðèíà."]
[Result "1/2-1/2"]
[WhiteElo "1349"]
[BlackElo "1560"]
[PlyCount "80"]
[EventDate "2017.04.20"]

1. d4 Nf6 2. c4 e6 3. Nf3 b6 4. g3 Bb7 5. Bg2 Be7 6. O-O O-O 7. Nbd2 d6 8. b3
Nbd7 9. Bb2 Ne4 10. Qc2 f5 11. Rac1 Rc8 12. Ne1 Nxd2 13. Qxd2 Bxg2 14. Nxg2 Nf6
15. h4 Ne4 16. Qe3 Qe8 17. Kh2 d5 18. f3 Nxg3 19. Qxe6+ Kh8 20. Rfe1 dxc4 21.
Qxc4 Bd6 22. f4 Ne4 23. Qd3 Qh5 24. Kg1 Rf6 25. Qf3 Rh6 26. Qxh5 Rxh5 27. d5
Be7 28. Rc2 Bxh4 29. Nxh4 Rxh4 30. Be5 Rg4+ 31. Kh2 Rh4+ 32. Kg2 Rg4+ 33. Kh2
Rh4+ 34. Kg2 Rg4+ 35. Kh2 Rh4+ 36. Kg2 Rg4+ 37. Kh2 Rh4+ 38. Kg2 Rg4+ 39. Kh2
Rh4+ 40. Kg2 Rg4+ 1/2-1/2

[Event "Ä15Ï"]
[Site "Loo"]
[Date "2017.04.24"]
[Round "5.28"]
[White "Ëèíöîâà, Ëèëèÿ."]
[Black "Ìåðåìüÿíèíà, Êñåíèÿ."]
[Result "1-0"]
[WhiteElo "1524"]
[BlackElo "1322"]
[PlyCount "103"]
[EventDate "2017.04.20"]

1. d4 d5 2. Bf4 Nf6 3. e3 Bf5 4. c4 e6 5. Qb3 dxc4 6. Qxb7 Nbd7 7. Qxc7 Qxc7 8.
Bxc7 Bb4+ 9. Kd1 Ne4 10. Ke2 Rc8 11. Bg3 Nxg3+ 12. hxg3 Bd3+ 13. Kd1 Bxf1 14.
Rh2 Bd3 15. a3 Ba5 16. Nf3 Bxb1 17. Rxb1 Nf6 18. Ke2 Ke7 19. Rc1 Rc7 20. Ne5
Nd7 21. Nxc4 Nb6 22. b3 Nxc4 23. bxc4 h6 24. c5 Rb8 25. Rhh1 Rb2+ 26. Kf3 Ra2
27. Ra1 Rxa1 28. Rxa1 e5 29. Rb1 exd4 30. exd4 Bc3 31. Ke4 Rd7 32. d5 f5+ 33.
Kd3 Bf6 34. Kc4 Kd8 35. d6 Kc8 36. Kd5 Be7 37. Re1 Bd8 38. c6 Rf7 39. Re8 h5
40. c7 Rd7 41. cxd8=Q+ Rxd8 42. Rxd8+ Kxd8 43. Ke6 Ke8 44. Kxf5 Kd7 45. Kg6
Kxd6 46. Kxg7 Ke7 47. Kg6 Kf8 48. Kxh5 Kf7 49. Kg5 Kg7 50. g4 Kf7 51. Kh6 Kg8
52. g5 1-0

[Event "Ä15Ï"]
[Site "Loo"]
[Date "2017.04.24"]
[Round "5.29"]
[White "Àáðàìîâà, Ìàðèÿ."]
[Black "Èâàíîâà, Àíàñòàñèÿ."]
[Result "1/2-1/2"]
[WhiteElo "1479"]
[BlackElo "1257"]
[PlyCount "79"]
[EventDate "2017.04.20"]

1. d4 Nf6 2. c4 g6 3. Nf3 Bg7 4. g3 O-O 5. Bg2 c5 6. O-O cxd4 7. Nxd4 Nc6 8.
Nxc6 dxc6 9. Nc3 Be6 10. b3 Qxd1 11. Rxd1 Bf5 12. Bb2 Rfd8 13. Rac1 Ne4 14.
Bxe4 Bxe4 15. Nxe4 Bxb2 16. Rb1 Bd4 17. Rd2 Bb6 18. Rbd1 Rxd2 19. Rxd2 Rd8 20.
Rd3 Rxd3 21. exd3 Kg7 22. Kf1 h5 23. Ke2 f5 24. Nc3 Kf6 25. b4 Bd4 26. Nd1 g5
27. Ne3 Bxe3 28. Kxe3 e5 29. f4 b6 30. d4 exd4+ 31. Kxd4 gxf4 32. gxf4 Ke6 33.
a4 Kd6 34. b5 c5+ 35. Ke3 Ke6 36. h4 Kd6 37. Kd3 Ke6 38. Ke3 Kd6 39. Kd3 Ke6
40. Ke3 1/2-1/2